Population policy and family welfare: Reproductive and child health administration (RCH) (Record no. 130810)

MARC details
000 -LEADER
fixed length control field 00416nam a2200145Ia 4500
008 - FIXED-LENGTH DATA ELEMENTS--GENERAL INFORMATION
fixed length control field 230917s9999||||xx |||||||||||||| ||und||
040 ## - CATALOGING SOURCE
-- 111753
Original cataloging agency VIVEKANANDA LIBRARY
041 ## - Language
-- English
082 ## - DDC NUMBER
Classification number 301.426 G552P
100 ## - MAIN ENTRY--PERSONAL NAME
Personal name Goel, S L
245 #0 - TITLE STATEMENT
Title Population policy and family welfare: Reproductive and child health administration (RCH)
260 ## - PUBLICATION, DISTRIBUTION, ETC. (IMPRINT)
Place of publication, distribution, etc New Delhi
Name of publisher, distributor, etc Deep & Deep
Date of publication, distribution, etc 2005
300 ## - PHYSICAL DESCRIPTION
Pages ix p. : 526
942 ## - ADDED ENTRY ELEMENTS (KOHA)
Koha item type Books
Holdings
Withdrawn status Lost status Damaged status Not for loan Location (home branch) Sublocation or collection (holding branch) Date acquired Koha issues (times borrowed) Koha full call number Accession No. Koha date last seen Koha item type
        VIVEKANANDA LIBRARY VIVEKANANDA LIBRARY 11/12/2010   301.426 G552P 229348 17/09/2023 Books
        VIVEKANANDA LIBRARY VIVEKANANDA LIBRARY 11/12/2010   301.426 G552P 229802 17/09/2023 Books
© Designed and Maintained by Vivekananda Library, MDU Rohtak